Ekonomicko-environmentálne aspekty zhodnocovania odpadu

Analýza ekonomicko-environmentálnych aspektov zhodnocovania odpadu v Slovenskej republike a návrh opatrení na zlepšenie existujúceho stavu. Odpad a nakladanie s odpadom. Nesúlad medzi ekonomickým a environmentálnym chápaním odpadového hospodárstva.

Gespeichert in:
Bibliographische Detailangaben
1. Verfasser: Fundáková, Anna
Weitere Verfasser: Till, Juraj, 1991-
Format: Buchkapitel
Sprache:Slowakisch
Schlagworte:
Tags: Tag hinzufügen
Keine Tags, Fügen Sie das erste Tag hinzu!

MARC

LEADER 00000nla a2200000 4500
001 0240525
005 20240502073917.9
041 0 |a slo 
044 |a SK 
245 1 0 |a Ekonomicko-environmentálne aspekty zhodnocovania odpadu  |c Anna Fundáková, Juraj Till 
520 |a Analýza ekonomicko-environmentálnych aspektov zhodnocovania odpadu v Slovenskej republike a návrh opatrení na zlepšenie existujúceho stavu. Odpad a nakladanie s odpadom. Nesúlad medzi ekonomickým a environmentálnym chápaním odpadového hospodárstva. 
610 2 0 |a odpad 
610 2 0 |a odpadky 
610 2 0 |a prostredie životné 
610 2 0 |a politika environmentálna 
610 2 0 |a ekológia 
610 2 0 |a hospodárstvo odpadové 
610 2 0 |a obeh 
610 2 0 |a recyklácia odpadu 
610 2 0 |a Slovensko 
610 2 0 |a legislatíva 
610 2 0 |a Európska únia 
100 1 |a Fundáková, Anna 
700 1 |a Till, Juraj, 1991-